[Event "Manresa op"]
[Site "Manresa"]
[Date "1996.??.??"]
[Round "5"]
[White "Alonso, Salvador"]
[Black "Hernandez Valls, Idelfons"]
[Result "1/2-1/2"]
[WhiteElo "2280"]
[BlackElo "2110"]
[PlyCount "71"]
[EventDate "1996.??.??"]
[EventType "swiss"]
[EventRounds "9"]
[EventCountry "ESP"]
[SourceTitle "EXT 1998"]
[Source "ChessBase"]
[SourceDate "1997.11.17"]
[SourceVersion "1"]
[SourceVersionDate "1997.11.17"]
[SourceQuality "1"]

1. e4 b6 2. d4 Bb7 3. Nc3 c5 4. d5 d6 5. a4 g6 6. f4 Bg7 7. Nf3 Nd7 8. Bc4 Nh6 9. 0-0 a6 10. Qe1 0-0 11. Ng5 Qb8 12. Qh4 Bc8 13. Rf3 Nf6 14. h3 Bd7 15. g4 b5 16. axb5 axb5 17. Rxa8 Qxa8 18. Bxb5 Bxb5 19. Nxb5 Qa4 20. Nc3 Qxc2 21. Qe1 Nd7 22. Rf2 Qd3 23. Qe3 Qxe3 24. Bxe3 Rb8 25. Nf3 f6 26. Rc2 Nf7 27. Nd2 Nd8 28. Nc4 Nb6 29. Nd1 Kf7 30. Nxb6 Rxb6 31. f5 Rb4 32. Nf2 Ke8 33. Kf1 Nf7 34. Bd2 Ra4 35. Ke2 Bh6 36. Bxh6 1/2-1/2